000
00305nam a2200109Ia 4500
008
200626s9999 xx 000 0 und d
020
_a
0-130-98030-7
245
_a
Instructor quick start guide/
260
_a
New Jersey:
_b
Pearson Education, Inc.
_c
2001
300
_a
iv, 66 pages
500
_a
Includes Index
999
_c
363902
_d
363902